| 000 | 01442cam a22003977a 4500 | ||
|---|---|---|---|
| 003 | CHAP | ||
| 005 | 20220817043424.0 | ||
| 008 | 980316d1997 mx r 00110 spa d | ||
| 010 | _a74954 | ||
| 011 | _a75926 | ||
| 035 | _a85499 | ||
| 040 | _cCHAP | ||
| 090 | _aTesis | ||
| 100 | 0 | 0 |
_aBanda Carvajal, Miguel Angel. _99932 |
| 245 | 1 | 3 |
_aLa cuenca cafetalera de Coatepec, Ver. y su integración al mercado internacional _c/por Miguel Angel Banda Carvajal y Reyna Pineda Manrique |
| 260 |
_aChapingo, Méx. : _bEl autor, _c1997. |
||
| 300 |
_a126 h. : _bcafeticanexos |
||
| 502 | _aTesis (Lic. en Comercio Internacional de Productos Agropecuarios) -- UACH. Departamento de Economía Agrícola | ||
| 590 |
_aALEPH _b10 _c20130110 _lUCH01 _h1422 |
||
| 590 |
_aBATCH-UPD _b10 _c20130110 _lUCH01 _h0340 |
||
| 590 |
_aBATCH-UPD _b10 _c20130110 _lUCH01 _h2031 |
||
| 590 |
_aBATCH-UPD _b10 _c20130410 _lUCH01 _h0013 |
||
| 590 |
_aBATCH-UPD _b10 _c20130914 _lUCH01 _h0809 |
||
| 590 |
_aCONVERSION _b10 _c20130109 _lUCH01 _h1341 |
||
| 650 | 1 | 4 |
_aCafé _xExportación. _917144 |
| 650 | 1 | 4 |
_aCafé _xMercadeo. _917169 |
| 650 | 1 | 4 |
_aCafé _xPrecios. _917187 |
| 650 | 1 | 4 |
_aCafé _zVeracruz. |
| 650 | 2 | 4 |
_aCafeticultores. _917080 |
| 700 | 0 |
_aPineda Manrique, Reyna. _988158 |
|
| 901 | _aBK | ||
| 905 | _aLilia Sánchez G. | ||
| 942 | _cFOLL | ||
| 949 |
_bBC _cTES _d33724000585972 _eTS2 _fc.2 _h32387 _i85499 _si |
||
| 949 |
_bBC _cTES _d854991 _eTS1 _h32386 _i85499 _sb |
||
| 999 |
_c74954 _d74954 |
||